000 00572nam a2200217Ia 4500
003 OSt
005 20230626153253.0
008 210423s9999 xx 000 0 und d
020 _a978-81-86099-36-0
040 _cAL
041 _aeng
082 _a574.5
_223
_bSIDE
100 _aSIDDIQUI (K A)
_998123
245 _aEcology and environmental biology
260 _aVaranasi
_bkushal Publication & Distributors
_c2021
300 _axi,438
_bHB
365 _b300
_cINR
650 _aEcology
_998124
906 _abiology ; Ecology ; environmental
942 _2ddc
_cBK
999 _c170962
_d170962